00275nam a2200109Ia 4500100001900000654001300019245006600032260003300098082001400131300000800145546001200153 aSiegel/ H..J.  aComputer aInterconnections networks for large scale parallel processing bMc Graw HillaNew Yorkc1992 a4.35bSIE a390 aENGLISH